| 000 | 00369nam a22001577a 4500 | ||
|---|---|---|---|
| 003 | Nust | ||
| 005 | 20210628100154.0 | ||
| 008 | 170306b xxu||||| |||| 00| 0 eng d | ||
| 020 | _a9781444713060 | ||
| 040 | _cDLC | ||
| 082 | _a823 GRI | ||
| 100 |
_aGrisham, John _99825 |
||
| 245 | _aTheodore Boone | ||
| 260 |
_aUK _bHodder and Stoughton, _c2010 |
||
| 942 |
_2ddc _cBK |
||
| 999 |
_c233249 _d233249 |
||